00491 2200193 4500245005200000020001800052250001100070100001900081700001900100650001600119005001900135260002800154041001400182084000800196300001500204500004100219490002800260336000900288 aDish 03 b : Titik DidihcMuldrow, DianehText a979-732-572-5 aCet. 2 aMuldrow, Diane aJudica Ratauli aNovel Fiksi a20230110112032 aJakartabGrasindoc2004 aIndonesia a813 a154 hlm. : aJudul asli : Dish 03 : Boiling Point aSeri Koki - Koki Cantik atext